Statistics for management, Economics and Computer (Record no. 1324)

MARC details
000 -LEADER
fixed length control field 00435nam a22001697a 4500
005 - DATE AND TIME OF LATEST TRANSACTION
control field 20241021110608.0
008 - FIXED-LENGTH DATA ELEMENTS--GENERAL INFORMATION
fixed length control field 160521b xxu||||| |||| 00| 0 eng d
020 ## - INTERNATIONAL STANDARD BOOK NUMBER
ISBN 81-7660-111-X
041 ## - LANGUAGE CODE
Language code of text/sound track or separate title eng
082 ## - DEWEY DECIMAL CLASSIFICATION NUMBER
Item number 3821
Classification number 519.5
100 ## - MAIN ENTRY--AUTHOR NAME
Personal name Dr. Priyotosh Khan
245 ## - TITLE STATEMENT
Title Statistics for management, Economics and Computer
260 ## - PUBLICATION, DISTRIBUTION, ETC. (IMPRINT)
Place of publication Pune
Name of publisher Everest Publishing house
300 ## - PHYSICAL DESCRIPTION
Number of Pages 21.39
650 ## - SUBJECT ADDED ENTRY--TOPICAL TERM
Topical Term Management
942 ## - ADDED ENTRY ELEMENTS (KOHA)
Koha item type Books
Holdings
Lost status Damaged status Collection code Home library Current library Shelving location Date acquired Cost, normal purchase price Full call number Accession Number Koha item type
    MANAGEMENT JRU Library JRU Library SHELF-42-I 21/05/2016 300.00 519.5 3821 Books
    MANAGEMENT JRU Library JRU Library SHELF-74-G 21/05/2016 300.00 519.5 3822 Books
    MANAGEMENT JRU Library JRU Library SHELF-74-G 21/05/2016 300.00 519.5 3823 Books
    MANAGEMENT JRU Library JRU Library SHELF-74-G 21/05/2016 300.00 519.5 3824 Books
    MANAGEMENT JRU Library JRU Library SHELF-74-G 21/05/2016 300.00 519.5 3825 Books